| 000 | 02827cam a22006738i 4500 | ||
|---|---|---|---|
| 001 | on1261877320 | ||
| 003 | OCoLC | ||
| 005 | 20221115145410.0 | ||
| 008 | 220224t20222022enka b 000 1 eng | ||
| 010 | _a 2022003005 | ||
| 015 |
_aGBC202733 _2bnb |
||
| 016 | 7 |
_a020443840 _2Uk |
|
| 020 |
_a9781547610297 _q(hardcover) |
||
| 020 |
_a1547610298 _q(hardcover) |
||
| 020 |
_a9781526638908 _q(paperback) |
||
| 020 |
_a1526638908 _q(paperback) |
||
| 020 |
_z9781547610303 _q(epub) |
||
| 020 |
_z9781547610310 _q(pdf) |
||
| 020 |
_a9781526638892 _qhardback |
||
| 020 |
_a1526638894 _qhardback |
||
| 020 |
_z9781526638885 _qebook |
||
| 035 |
_a(OCoLC)1261877320 _z(OCoLC)1261879025 |
||
| 040 |
_aDLC _beng _erda _cDLC _dBDX _dUKMGB _dSINLB _dYDX _dOCLCO _dOCLCF _dNZWHC _dJCX _dVP@ _dILC _dTOH |
||
| 042 | _apcc | ||
| 050 | 0 | 0 |
_aPZ8.3.H251 _bTh 2022 |
| 082 | 0 | 0 |
_a[E] _223 |
| 092 |
_achildren nonfiction _bHart |
||
| 100 | 1 |
_aHart, Caryl, _eauthor. _95956869 |
|
| 245 | 1 | 0 |
_aThank you for the little things / _cCaryl Hart ; illustrated by Emily Hamilton. |
| 264 | 1 |
_aLondon ; _aNew York : _bBloomsbury Children's Books, _c2022 |
|
| 264 | 4 | _c©2022 | |
| 300 |
_a24 unnumbered pages : _bcolor illustrations ; _c28 cm |
||
| 336 | _atext | ||
| 336 | _astill image | ||
| 337 | _aunmediated | ||
| 338 | _avolume | ||
| 500 | _a"First published in Great Britain in March 2022 by Bloosbury Publishing Plc. Published in the United States of America in October 2022 by Bloomsbury Children's Books." | ||
| 520 | _a"A child tries to keep a positive attitude by being mindful and practicting gratitude."--Provided by publisher. | ||
| 521 |
_aAges 4-8. _bBloomsbury Children's Books. |
||
| 521 |
_aGrades K-1. _bBloomsbury Children's Books. |
||
| 650 | 0 |
_aEmotions in children _vJuvenile fiction. _95702427 |
|
| 650 | 0 |
_aGratitude _vJuvenile fiction. _95693320 |
|
| 650 | 1 | _aStories in rhyme. | |
| 650 | 1 |
_aGratitude _vFiction. _95694019 |
|
| 650 | 7 |
_aJUVENILE FICTION / Social Themes / Emotions & Feelings. _2bisacsh _95728124 |
|
| 650 | 7 |
_aJUVENILE FICTION / Social Themes / Values & Virtues. _2bisacsh _95719054 |
|
| 650 | 7 |
_aChildren's stories. _2fast |
|
| 650 | 7 |
_aEmotions in children. _2fast _983265 |
|
| 655 | 7 |
_aFiction. _2fast _95673940 |
|
| 655 | 7 |
_aJuvenile works. _2fast _95673941 |
|
| 655 | 7 |
_aPicture books. _2fast |
|
| 655 | 7 |
_aStories in rhyme. _2fast |
|
| 655 | 7 |
_aChildren's stories _vPictorial works. _2gsafd _95677077 |
|
| 655 | 7 |
_aStories in rhyme. _2lcgft |
|
| 655 | 7 |
_aPicture books. _2lcgft |
|
| 700 | 1 |
_aHamilton, Emily, _eillustrator. _96458278 |
|
| 776 | 0 | 8 |
_iOnline version: _aHart, Caryl. _tThank you for the little things. _dLondon ; New York : Bloomsbury Children's Books, 2022 _z9781547610303 _w(DLC) 2022003006 |
| 942 |
_2ddc _cBOOK |
||
| 999 |
_c378834 _d378834 |
||